01030 2200277 4500001002100000005001500021035002000036007000300056008004100059082001600100084001800116100003400134245017300168300002400341650002200365264005400387336002100441337003000462338002300492040002200515090002000537500010400557850001200661546005900673990002000732INLIS00000000087951620230623015049 a0010-0623000589ta230623s1918 jtia g jav d04223a899.222 a899.222 KAR w0 aKarta SubratacMasePengarang1 aWawarah hadhen :biki uran-uran wewarah aden lima warna, mijil saka wiwulange ngulama kang wus mashur saka ing kitab-kitab Arab kang wus kinawruhan /cMas Karta Subrata a72 halaman ;c30 cm 4aKesusastraan Jawa aSemarang :bpenerbit tidak teridentifikasi,c1918 2rdacontentateks 2rdamediaatanpa perantara 2rdacarrieravolume aYOPDYOGbinderda aL 899.222 KAR w aKerjasama Perpustakaan di Bidang Reproduksi Badan Perpustakaan dan Arsip Daerah Istimewa Yogyakarta aYOPDYOG aTeks ditulis dengan bahasa Jawabdan aksara Jawa cetak a70922-PD/A.2023